Rennes lieux emblématiques - Statistiques

Statistiques générales
  • Ce quiz a été pris 333 fois
  • Le résultat moyen est 7 sur 12
Statistiques - réponses
Par images Réponse % Correct
Stade Rennais / Roazhon Park
91%
Place Sainte Anne
88%
Palais du commerce / Place de la République
82%
Parc du thabor
82%
Gare de Rennes
69%
Centre Alma
66%
Couvent des jacobins
60%
Parlement de Bretagne
60%
Opéra de Rennes
50%
Esplanade Charles De Gaulle
29%
Portes Mordelaises
24%
Cathédrale Saint Pierre
20%
Aucun quiz correspondant
Distribution des résultats
% des personnes avec chaque résultat
Percentile par nombre de réponses
Votre historique - résultats
Vous n’avez pas pris ce quiz